نعمة الماء : (Record no. 27518)
[ view plain ]
| 000 -الفاتح | |
|---|---|
| حقل البيانات ثابتة الطول | 00972nam a22002415a 4500 |
| 003 - محدد رقم الضبط | |
| رقم الضبط | EG-ScBUE |
| 005 - وقت وتاريخ اخر تعامل مع التسجيلة | |
| رقم الضبط | 20190609134300.0 |
| 008 - عناصر البيانات ثابتة الطول - معلومات عامة | |
| حقل البيانات ثابتة الطول | 190609s2018 ua gr 000 0 ara d |
| 017 ## - رقم الإيداع القانونى | |
| رقم الإيداع القانونى | 2018 / 10624 |
| 040 ## - مصدر الفهرسة | |
| وكالة الفهرسة الأصلية | EG-ScBUE |
| لغة الفهرسة | ara |
| وكالة النسخ | EG-ScBUE |
| وكالة التعديل | EG-ScBUE |
| 082 04 - رقم تصنيف ديوى العشرى | |
| رقم التصنيف | 297.12285537 |
| رقم المادة | ن ع م |
| رقم الطبعة | 22 |
| 245 00 - بيان العنوان | |
| العنوان | نعمة الماء : |
| بقية العنوان | نحو استخدام رشيد للمياه / |
| بيان المسئوليه,etc | إعداد محمد سالم أبو عاصي... [وإلخ.] ؛ إشراف ومراجعة وتقديم محمد مختار جمعة. |
| 260 ## - PUBLICATION, DISTRIBUTION, ETC. (IMPRINT) | |
| مكان الناشر او الموزع | القاهرة : |
| اسم الناشر او الموزع | وزارة الأوقاف، |
| تاريخ النشر أو التوزيع | 2018. |
| 300 ## - الوصف المادى | |
| التعداد | 71 ص. ؛ |
| أبعاد الوعاء | 24 سم. |
| 541 ## - تبصرة المصدر المباشر للتزويد | |
| مصدر التزويد | Mr. Farid Khamis ; |
| طريقة التزويد | Donation ; |
| 650 #7 - المدخل الاضافى بالموضوع-مصطلح موضوعى | |
| مصطلح موضوعي أو اسم جغرافي كعنصر مدخل | المياه في القرآن. |
| مصدر الرأس أو المصطلح | BUEsh |
| 650 #7 - المدخل الاضافى بالموضوع-مصطلح موضوعى | |
| مصطلح موضوعي أو اسم جغرافي كعنصر مدخل | الإسلام والعلم. |
| مصدر الرأس أو المصطلح | BUEsh |
| 651 ## - المدخل الاضافى بالموضوع - اسم جغرافى | |
| مصدر الرأس أو المصطلح | BUEsh |
| 653 ## - مصطلح تكشيفى غير مقيد | |
| Resource For college | Generalities |
| Arrived date list | June2019 |
| 700 1# - المدخل الاضافى - اسم شخصى | |
| الإسم الشخصى | أبو عاصي، محمد سالم. |
| 9 (RLIN) | 17408 |
| 700 1# - المدخل الاضافى - اسم شخصى | |
| الإسم الشخصى | جمعة، محمد مختار، |
| الدور | مشرف، |
| -- | مراجع. |
| 942 ## - عناصر المدخل الإضافي( كوها) | |
| مصدر التصنيف او مخطط الترفيف | Dewey Decimal Classification |
| حالة التراجع | حالة الفقد | مصدر التصنيف او خطة الترفيف | حالة تلف | ليس للاعارة | مجموعات كوها | المكان الدائم | المكان الحالي | موقع الترفيف | تاريخ الاكتساب | Source of acquisition | رقم الاستدعاء | الباركود | Date last seen | تبصرة غير عامة( المفوع للعناصر المفقوده) | نوع الوعاء |
|---|---|---|---|---|---|---|---|---|---|---|---|---|---|---|---|
| Dewey Decimal Classification | Donation-Gift | Central Library | Central Library | Lower Floor | 09/06/2019 | Donation | 297.12285537 ن ع م | 000047912 | 15/07/2025 | Donation from Mr. Farid Khamis | Book - Borrowing |